[Event "Lindores Abbey Final 8"]
[Site "chess24.com INT"]
[Date "2020.06.02"]
[Round "3.24"]
[White "Dubov, Daniil"]
[Black "Nakamura, Hikaru"]
[Result "1/2-1/2"]
[WhiteTitle "GM"]
[BlackTitle "GM"]
[WhiteElo "2699"]
[BlackElo "2736"]
[WhiteFideId "24126055"]
[BlackFideId "2016192"]
[EventDate "2020.05.23"]

1. d4 f5 2. g3 Nf6 3. Bg2 g6 4. Nd2 Nc6 5. Ngf3 Bg7 6. O-O O-O 7. Re1 d5 8. c4
e6 9. b3 Ne4 10. Bb2 g5 11. Rc1 g4 12. Ne5 Nxe5 13. dxe5 c6 14. f3 Nxd2 15. Qxd2
h5 16. f4 h4 17. c5 Kf7 18. Bd4 Rh8 19. Kf2 Bd7 20. Rc3 Bf8 21. Rg1 Be7 22. Ke1
Qc7 23. Kd1 b6 24. Qe3 Qb7 25. Rc2 Rab8 26. Ke1 Qa6 27. Kf2 h3 28. Bf1 bxc5 29.
Bxc5 Rb5 30. Bxe7 Kxe7 31. Qd2 Qa3 32. e3 Ra5 33. Bd3 c5 34. Rgc1 Rb8 35. Be2
Rb6 36. Bf1 Bc8 37. e4 d4 38. Bd3 Bd7 39. Re1 Qb4 40. Qxb4 cxb4 41. exf5 exf5
42. Ree2 Be6 43. Red2 Rb7 44. Bc4 Rc7 45. Bxe6 Rxc2 46. Rxc2 Kxe6 47. Ke2 Kd5
48. Kd3 Ra6 49. Re2 Re6 50. Rc2 Ra6 51. Re2 Ke6 52. Kxd4 Rc6 53. Ke3 Rc3+ 54.
Kd2 Rf3 55. Re3 Rf1 56. Re1 Rf2+ 57. Re2 Rg2 58. Kd1 Ke7 59. Kd2 Kd7 60. Kd1 Ke6
61. Kd2 Kd5 62. e6 Rxe2+ 63. Kxe2 Kxe6 64. Kd3 Kd5 65. Ke3 a6 66. Kd3 Kc5 67.
Ke3 Kd5 68. Kd3 a5 69. Ke3 Kc5 70. Kd3 Kd5 71. Ke3 Kc5 72. Kd3 Kd5 1/2-1/2

[Event "Lindores Abbey Final 8"]
[Site "chess24.com INT"]
[Date "2020.06.03"]
[Round "3.31"]
[White "Dubov, Daniil"]
[Black "Nakamura, Hikaru"]
[Result "1/2-1/2"]
[WhiteTitle "GM"]
[BlackTitle "GM"]
[WhiteElo "2699"]
[BlackElo "2736"]
[WhiteFideId "24126055"]
[BlackFideId "2016192"]
[EventDate "2020.05.23"]

1. c4 e5 2. Nc3 Nf6 3. Nf3 Nc6 4. g3 d5 5. cxd5 Nxd5 6. Bg2 Nb6 7. O-O Be7 8. a3
O-O 9. b4 Be6 10. Rb1 f6 11. b5 Nd4 12. e3 Nxf3+ 13. Bxf3 c6 14. bxc6 bxc6 15.
Bxc6 Rc8 16. Bb7 Rc7 17. Ba6 Bf5 18. Ra1 Qd7 19. Re1 Rd8 20. Qe2 Bg4 21. f3 Be6
22. Bb5 Qc8 23. Ba6 Qd7 24. Bb5 Qc8 25. Ba6 Qd7 1/2-1/2

[Event "Lindores Abbey Final 8"]
[Site "chess24.com INT"]
[Date "2020.06.03"]
[Round "3.32"]
[White "Nakamura, Hikaru"]
[Black "Dubov, Daniil"]
[Result "0-1"]
[WhiteTitle "GM"]
[BlackTitle "GM"]
[WhiteElo "2736"]
[BlackElo "2699"]
[WhiteFideId "2016192"]
[BlackFideId "24126055"]
[EventDate "2020.05.23"]

1. e4 c5 2. Nf3 Nc6 3. Nc3 g6 4. d4 cxd4 5. Nxd4 Bg7 6. Be3 Nf6 7. Bc4 O-O 8.
Bb3 Re8 9. Nxc6 dxc6 10. h3 Qc7 11. f4 b5 12. e5 b4 13. Na4 Nd5 14. Qf3 Nxe3 15.
Qxe3 a5 16. O-O-O Qa7 17. Qe4 Bf5 18. Qc4 Qe3+ 19. Kb1 Be6 20. Qd4 Qxd4 21. Rxd4
Rad8 22. Rhd1 Rxd4 23. Rxd4 Bc8 24. Nb6 c5 25. Rd2 g5 26. Rd5 gxf4 27. Rxc5 f3
28. gxf3 Bxh3 29. Rxa5 Rd8 30. a4 bxa3 31. bxa3 e6 32. Ka2 h5 33. Ra4 Bxe5 34.
Re4 Bf6 35. Re1 h4 36. Rg1+ Kf8 37. Nc4 Bf5 38. Rh1 Rd4 39. Ne3 Bg6 40. a4 Bh5
41. a5 Bxf3 42. Rf1 Rf4 43. a6 Bd4 44. Re1 Re4 0-1

[Event "Lindores Abbey Final 8"]
[Site "chess24.com INT"]
[Date "2020.06.03"]
[Round "3.33"]
[White "Dubov, Daniil"]
[Black "Nakamura, Hikaru"]
[Result "0-1"]
[WhiteTitle "GM"]
[BlackTitle "GM"]
[WhiteElo "2699"]
[BlackElo "2736"]
[WhiteFideId "24126055"]
[BlackFideId "2016192"]
[EventDate "2020.05.23"]

1. c4 e5 2. Nc3 Nc6 3. Nf3 f5 4. d4 e4 5. Ng5 Bb4 6. d5 Ne5 7. Qb3 Bc5 8. Nh3
Nf6 9. Na4 Be7 10. Bf4 Ng6 11. d6 cxd6 12. Nc3 d5 13. e3 O-O 14. Rd1 d6 15. Be2
h6 16. O-O Be6 17. Nxd5 Bxd5 18. cxd5 Qb6 19. Rc1 Qxb3 20. axb3 Rfc8 21. Rc4 Nd7
22. Rfc1 Nb6 23. Rxc8+ Rxc8 24. Rxc8+ Nxc8 25. g4 fxg4 26. Bxg4 Nb6 27. Bg3 Nh4
28. Nf4 Nf3+ 29. Kg2 Nd2 30. Bf5 Nxb3 31. Bxe4 Nc4 32. Nd3 a5 33. Bf3 b5 34. Bd1
Nbd2 35. b3 Nb6 36. Nf4 a4 37. bxa4 bxa4 38. Nd3 a3 39. Nb4 Nxd5 40. Na2 Kf8 41.
Ba4 Ne4 42. Bb3 Ndc3 43. Nb4 Nd2 44. Be6 d5 45. Nc2 Nc4 46. e4 a2 47. exd5 Bd6
48. Kf3 Ke7 49. Bf5 Nb5 50. Bd3 Nd4+ 51. Nxd4 a1=Q 52. Nf5+ Kf6 53. Bxc4 Bxg3 0-1

[Event "Lindores Abbey Final 8"]
[Site "chess24.com INT"]
[Date "2020.06.03"]
[Round "3.34"]
[White "Nakamura, Hikaru"]
[Black "Dubov, Daniil"]
[Result "1/2-1/2"]
[WhiteTitle "GM"]
[BlackTitle "GM"]
[WhiteElo "2736"]
[BlackElo "2699"]
[WhiteFideId "2016192"]
[BlackFideId "24126055"]
[EventDate "2020.05.23"]

1. e4 c5 2. Nf3 Nc6 3. Nc3 g6 4. d4 cxd4 5. Nxd4 Bg7 6. Be3 Nf6 7. Bc4 O-O 8.
Bb3 Re8 9. Nxc6 dxc6 10. h3 Qc7 11. f4 Rd8 12. Qf3 c5 13. e5 c4 14. exf6 Bxf6
15. Ba4 Qa5 16. O-O Bxc3 17. bxc3 Qxa4 18. Bd4 Qc6 19. Qe3 Bf5 20. Qe5 Qf6 21.
Qxf6 exf6 22. Bxf6 Rd6 23. Be5 Re6 24. Rf2 f6 25. Bd4 h5 26. a4 Rae8 27. Bxa7
Re1+ 28. Rxe1 Rxe1+ 29. Rf1 Rxf1+ 30. Kxf1 Bxc2 31. a5 Kf7 32. h4 f5 33. g3 Ke6
34. Kf2 Kd5 35. Ke3 Be4 36. Bb6 Bb1 37. Ba7 Be4 38. Bd4 Bb1 39. Ba7 Be4 1/2-1/2

[Event "Lindores Abbey Final 8"]
[Site "chess24.com INT"]
[Date "2020.06.03"]
[Round "3.35"]
[White "Dubov, Daniil"]
[Black "Nakamura, Hikaru"]
[Result "1-0"]
[WhiteTitle "GM"]
[BlackTitle "GM"]
[WhiteElo "2699"]
[BlackElo "2736"]
[WhiteFideId "24126055"]
[BlackFideId "2016192"]
[EventDate "2020.05.23"]

1. e4 e5 2. Nc3 Nc6 3. g3 Bc5 4. Bg2 Nf6 5. Nge2 d6 6. d3 a6 7. O-O Be6 8. h3 h6
9. Kh2 d5 10. exd5 Nxd5 11. f4 exf4 12. Bxd5 Bxd5 13. Nxf4 Ne7 14. Qh5 c6 15.
Ncxd5 cxd5 16. Ne6 Qd6 17. Nxg7+ Kd7 18. Rxf7 Raf8 19. Bf4 Rxf7 20. Bxd6 Rf2+
21. Kh1 Bxd6 22. Re1 Rhf8 23. Qg4+ Kc6 24. Ne6 R8f6 25. Nd4+ Kb6 26. Re2 Rf1+
27. Kg2 Nc6 28. Nxc6 bxc6 29. c3 R1f5 30. b4 Kb7 31. Qg7+ Rf7 32. Qxh6 Bc7 33.
Qe3 Bb6 34. d4 Bc7 35. h4 a5 36. a3 a4 37. Qd3 Rf1 38. b5 R1f6 39. bxc6+ Kxc6
40. Qa6+ Bb6 41. Qxa4+ Kb7 42. Qe8 Rf8 43. Re7+ Bc7 44. Qb5+ Rb6 45. Rxc7+ 1-0